01293nab a22002537a 4500003000400000005001700004008004100021040000700062100002200069245009300091260004200184300001200226500003700238505040200275505008900677650002000766650002400786650002800810650002500838650002700863650002200890650001200912773011500924OSt20260201145628.0190506c xxu||||| |||| 00| 0 spa d cPJ aGiagame, Eduardo 13aEl acoso laboral :b¿cómo nos encontramos y hacia dónde vamos? /cEduardo Giagame.  aBuenos Aires :bAbeledoPerrot,c2023. ap. 8-13 aCita: TR LALEY AR/DOC/1465/2023  aSumario: I. Introducción.— II. ¿Qué entendemos por acoso laboral?— III. Contexto y actualidad en la Argentina.— IV. Tratamiento por parte de la Justicia.— V. Legislación y tratamiento en otros países.— VI. Consecuencias y causas del acoso laboral.— VII. ¿Por qué debemos eliminar el acoso laboral?— VIII. ¿Cómo podemos atacar la problemática?— IX. Bibliografía.  t¿Te interesa el texto completo? Comunicate al correo: koha@justierradelfuego.gov.ar 0aDERECHO LABORAL 0aCONTRATO DE TRABAJO 0aPERSPECTIVA DE GÉNERO 0aRELACIONES LABORALES 0aDISCRIMINACION LABORAL 0aVIOLENCIA LABORAL 0aMOBBING0 02751dBuenos Aires : AbeledoPerrot, 2013-tRevista de derecho laboral y seguridad social. Nº 15- Agosto 2023